Método de corte y confección Brossa / por Da. Margarita Brossa de Batlle
Descripción Física:
274 p. + 1 full desplegable ; 25 cm
Materias:
Tall i confecció -- Ensenyament
MARC
| LEADER | 00000nam a2200000Ia 4500 | ||
|---|---|---|---|
| 001 | 17540 | ||
| 008 | 160829s1946 xx 000 0 cat d | ||
| 080 | |a E-1-251 | ||
| 100 | |a Brossa de Batlle, Margarita |9 28105 | ||
| 245 | |a Método de corte y confección Brossa / por Da. Margarita Brossa de Batlle | ||
| 250 | |a 4a ed. | ||
| 260 | |a Barcelona : |b Imprenta de la Casa Provincial de Caridad, |c 1946 | ||
| 300 | |a 274 p. + 1 full desplegable ; |c 25 cm | ||
| 650 | |a Tall i confecció |x Ensenyament |9 28106 | ||
| 710 | 2 | |a Escola Professional de la Dona |9 52886 | |
| 901 | |a Arxiu | ||
| 942 | |n 1 | ||
| 952 | |0 0 |1 0 |4 0 |6 E1251 |7 1 |9 44674 |a Arxiu |b Arxiu |d 2016-12-01 |l 0 |o E-1-251 |p 17540 |r 2016-12-01 00:00:00 |w 2016-12-01 |y ARXIU | ||
| 999 | |c 47255 |d 47255 | ||